banner koha

Inspecionando o Ácaro Branco (Registro n. 299790)

MARC details
000 -LÍDER
fixed length control field 00782nab a2200241 4500
003 - CÓDIGO MARC DA AGÊNCIA CATALOGADORA
Campo de controle BR-BrBNA
005 - DATA E HORA DA ÚLTIMA ATUALIZAÇÃO
Campo de controle 20240527132552.0
008 - CAMPO DE TAMANHO FIXO
fixed length control field 240527b bl.||||| |||| 00| 0 por d
040 ## - FONTE DA CATALOGAÇÃO
Agência catalogadora BR-BrBNA
Idioma da catalogação por
072 ## - CATEGORIA AGRIS
Código AGRIS H10
Código do objeto 4030
100 ## - ENTRADA PRINCIPAL - NOME PESSOAL
Nome pessoal Silva, José Luiz
245 ## - TÍTULO PRINCIPAL
Título principal Inspecionando o Ácaro Branco
Subtítulo Manejo
500 ## - NOTA GERAL
Nota geral 9 illus.; 1 table
942 ## - ADDED ENTRY ELEMENTS (KOHA)
Koha item type
650 ## - ASSUNTO - THESAGRO
Cabeçalho tópico ou nome geográfico CITRICULTURA
650 ## - ASSUNTO - THESAGRO
Cabeçalho tópico ou nome geográfico ÁCARO BRANCO
650 ## - ASSUNTO - THESAGRO
Cabeçalho tópico ou nome geográfico PRAGA DE PLANTA
650 ## - ASSUNTO - THESAGRO
Cabeçalho tópico ou nome geográfico BIOLOGIA ANIMAL
650 ## - ASSUNTO - THESAGRO
Cabeçalho tópico ou nome geográfico SINTOMA
650 ## - ASSUNTO - THESAGRO
Cabeçalho tópico ou nome geográfico INSPEÇÃO VEGETAL
773 0# - ENTRADA ANALÍTICA
Host Biblionumber 4769
Registro do item 314628
Imprenta Bebedouro - SP Grupo Técnico de Assistência e Consultoria em Citrus 2001
Outro identificador 2024-0880
Título Ciência e Pratica (Brazil)
Colação v. 6(21) p. 8-9; (Apr-Jun 2006)
Número de controle de registro BR2024001222

Nenhum exemplar disponível.

BINAGRI

Telefone: (61)3218-2567/2388/3357/2097 - binagri@agro.gov.br

Ministério da Agricultura e Pecuária , Esplanada dos Ministérios, Bloco D, Anexo B, Brasília/DF, CEP: 70.043-900